000 00674nam a2200217Ia 4500
003 GCL
008 140319s9999 xx 000 0 ara d
040 _aGCL /
_cGCL
082 0 4 _a001.5
_bم ا
100 1 _aمحمد منير حجاب
245 1 0 _aالاعلام والتنمية الشاملة /
_cمحمد منير حجاب
300 _a295 ص
490 _aسلسلة دراسات وبحوث اعلامية
_v0
650 0 4 _aالتنمية
650 0 4 _aالاتصال
650 0 4 _aالاعلام
650 0 4 _aالوعى الاجتماعى
650 0 4 _aوسائل الاعلام
650 0 4 _aالاعلام - فلسفة ونظريات
942 _2ddc
_cBK
999 _c52106
_d52106